[Event "Detroit (MOR/5/11)"]
[Site "?"]
[Date "1994.??.??"]
[Round "?"]
[White "Solski, Jeff"]
[Black "Jointer, William"]
[Result "0-1"]
[WhiteElo "1605"]
[BlackElo "1740"]
[PlyCount "50"]
[EventDate "1994.??.??"]

{5/(11)} 1. e4 c5 2. Nf3 Nc6 3. d4 cxd4 4. Nxd4 Nf6 5. Nc3 g6 6. Be2 Bg7 7. Be3
O-O 8. O-O d5 9. Nxc6 bxc6 10. e5 Nd7 11. f4 Qa5 12. Bf3 Rb8 13. Rb1 e6 14. g4
c5 15. Bf2 d4 16. Ne4 Qxa2 17. g5 Rxb2 18. Rxb2 Qxb2 19. Nf6+ Bxf6 20. gxf6 Bb7
21. Kh1 Ra8 22. Rg1 a5 23. Bxb7 Qxb7+ 24. Rg2 a4 25. Qh5 Qxg2+ 0-1

[Event "Detroit (MCO/C/4/6)"]
[Site "?"]
[Date "1994.??.??"]
[Round "?"]
[White "Solski, Jeff"]
[Black "Hartwig, Thomas"]
[Result "1-0"]
[WhiteElo "1605"]
[BlackElo "1605"]
[PlyCount "31"]
[EventDate "1994.??.??"]

{4/(6)} 1. e4 c5 2. Nc3 Nc6 3. Nf3 d6 4. d4 cxd4 5. Nxd4 Nf6 6. Be2 g6 7. Be3
Bg7 8. Qd2 O-O 9. Bh6 Bxh6 10. Qxh6 Nxd4 11. O-O-O Nxe2+ 12. Nxe2 Nxe4 13. h4
Nxf2 14. h5 Nxd1 15. hxg6 Bf5 16. Qxh7# 1-0

[Event "Jackson (Prison m/Jan)"]
[Site "?"]
[Date "1994.??.??"]
[Round "?"]
[White "Solski, Jeff"]
[Black "Gumar, M."]
[Result "0-1"]
[WhiteElo "1605"]
[BlackElo "1605"]
[PlyCount "72"]
[EventDate "1994.??.??"]

1. Nf3 e6 2. g3 c5 3. d4 d5 4. Bg2 Nc6 5. O-O Nf6 6. Bg5 c4 7. Nbd2 Be7 8. Bxf6
Bxf6 9. c3 a5 10. e4 b5 11. exd5 exd5 12. Re1+ Be6 13. Ne5 Qc7 14. Qh5 O-O 15.
f4 g6 16. Qh6 Bg7 17. Qh4 Rab8 18. a3 Ne7 19. g4 f6 20. Ndf3 fxe5 21. fxe5 Qd7
22. Ng5 h6 23. Nxe6 Qxe6 24. Re3 Rf4 25. Bh3 g5 26. Qg3 Rbf8 27. Bg2 Rxg4 28.
Bh3 Rxg3+ 29. Rxg3 Qg6 30. Rc1 h5 31. Bd7 h4 32. Rg2 Bh6 33. Rcc2 Nf5 34. e6
Ne3 35. Rgf2 Rxf2 36. Rxf2 Qb1+ 0-1

[Event "Detroit (Class C/1/17)"]
[Site "?"]
[Date "1994.??.??"]
[Round "?"]
[White "Solski, Jeff"]
[Black "Gibbs, Tony"]
[Result "1-0"]
[WhiteElo "1605"]
[BlackElo "1605"]
[PlyCount "93"]
[EventDate "1994.??.??"]

{1/(17)} 1. e4 e5 2. Nf3 Nc6 3. g3 Nf6 4. d3 d6 5. Bg2 g6 6. c3 Bg7 7. Be3 Bg4
8. Nbd2 O-O 9. b4 a6 10. a4 Qd7 11. h3 Be6 12. Rb1 d5 13. b5 axb5 14. axb5 Ne7
15. Nxe5 Qd6 16. Bf4 Qc5 17. Qc2 b6 18. d4 Qa3 19. Nc6 Nxc6 20. bxc6 Qe7 21.
O-O dxe4 22. Rfe1 Ra2 23. Qd1 Bd5 24. Nxe4 Nxe4 25. Bxe4 Bxe4 26. f3 Qa3 27.
Rxe4 Qxc3 28. Rc1 Qb2 29. Rc2 Qxc2 30. Qxc2 Rxc2 31. d5 Ra8 32. Kf1 Ra1+ 33.
Re1 Bc3 34. Rxa1 Bxa1 35. Bxc7 b5 36. Ba5 Be5 37. Ke1 Kf8 38. Kd1 Rc5 39. Bb4
Bd6 40. Bxc5 Ke8 41. Bxd6 Kd8 42. h4 h5 43. g4 f5 44. gxh5 gxh5 45. Bf4 Kc8 46.
d6 b4 47. Kc2 1-0

[Event "Detroit (Class C/3/13)"]
[Site "?"]
[Date "1994.??.??"]
[Round "?"]
[White "Solski, Jeff"]
[Black "Cutler, C."]
[Result "1-0"]
[WhiteElo "1605"]
[BlackElo "1605"]
[PlyCount "93"]
[EventDate "1994.??.??"]

{3/(13)} 1. e4 c5 2. Nc3 Nc6 3. g3 d6 4. Bg2 Nf6 5. Nh3 g6 6. O-O Bg7 7. d3 O-O
8. Be3 Ng4 9. Qd2 Nxe3 10. Qxe3 Ne5 11. Ne2 Ng4 12. Qc1 Bd7 13. c3 Qc8 14. f4
f5 15. Ng5 h6 16. Nf3 fxe4 17. dxe4 Nf6 18. Nh4 Bh3 19. Nxg6 Rf7 20. e5 Bxg2
21. Kxg2 Qc6+ 22. Rf3 Ng4 23. e6 Qe4 24. exf7+ Kxf7 25. Qd2 Kxg6 26. f5+ Kh7
27. Qd3 Qxd3 28. Rxd3 Ne5 29. Re3 Rf8 30. Rf1 Bf6 31. h4 Nc4 32. Re6 Nxb2 33.
Rb1 Nd3 34. Rxb7 a6 35. Rxd6 c4 36. Rc6 Rg8 37. Rxf6 Kg7 38. Rg6+ Kf7 39. Rxh6
Re8 40. g4 Ne1+ 41. Kg3 Nd3 42. g5 Ne5 43. h5 Kg8 44. Nf4 Nf7 45. Rg6+ Kf8 46.
Rxa6 Nd6 47. Ng6+ 1-0

[Event "Eastpointe (US Am N/4/31)"]
[Site "?"]
[Date "1994.??.??"]
[Round "?"]
[White "Snuske, R."]
[Black "McNeil, Yaking"]
[Result "1-0"]
[WhiteElo "1625"]
[BlackElo "1605"]
[PlyCount "59"]
[EventDate "1994.??.??"]

{4/(31)} 1. e4 c5 2. Nf3 Nc6 3. c3 d6 4. d4 Bg4 5. Bc4 Nf6 6. h3 Bxf3 7. gxf3
cxd4 8. cxd4 Qb6 9. Be3 Qxb2 10. Nd2 Qa3 11. d5 Ne5 12. Bb5+ Ned7 13. Rb1 Rc8
14. Bd4 a6 15. Nc4 Rxc4 16. Bxc4 b5 17. Qb3 Qa5+ 18. Bc3 bxc4 19. Qxc4 Qc5 20.
Qxc5 dxc5 21. Rb7 g6 22. Ra7 Bg7 23. Ra8+ Nb8 24. Rxb8+ Kd7 25. Rxh8 Bxh8 26.
Ke2 e6 27. dxe6+ Kxe6 28. Rb1 Bg7 29. Rb6+ Ke7 30. Rxa6 1-0

[Event "Eastpointe (US Am N/2/30)"]
[Site "?"]
[Date "1994.??.??"]
[Round "?"]
[White "Snuske, R."]
[Black "Hartwig, Thomas"]
[Result "0-1"]
[WhiteElo "1625"]
[BlackElo "1605"]
[PlyCount "55"]
[EventDate "1994.??.??"]

{2/(30)} 1. e4 c5 2. Bc4 d6 3. Nf3 Nf6 4. d3 g6 5. O-O Bg7 6. Nc3 Nc6 7. Bd2
O-O 8. Ne2 a6 9. a3 Bd7 10. Ng3 Bg4 11. Bc3 b5 12. Ba2 b4 13. axb4 cxb4 14. Bd2
a5 15. h3 Bxf3 16. gxf3 Rc8 17. c3 Nd7 18. d4 e5 19. d5 Ne7 20. cxb4 a4 21. Bb1
f5 22. Bg5 f4 23. Ne2 h6 24. Bxe7 Qxe7 25. Kh2 Qh4 26. Qe1 h5 27. Rg1 g5 28.
Rg2 {[Remainder illegible; 0-1, 48?]} 0-1

[Event "Detroit (Class C/2/4)"]
[Site "?"]
[Date "1994.??.??"]
[Round "?"]
[White "Snobeck, Michael"]
[Black "Woolery, Bob"]
[Result "1/2-1/2"]
[WhiteElo "1605"]
[BlackElo "1605"]
[PlyCount "120"]
[EventDate "1994.??.??"]

{2/(4)} 1. e4 c5 2. Nf3 d6 3. c3 Nf6 4. e5 dxe5 5. Nxe5 a6 6. Be2 Qd5 7. Nf3
Nc6 8. d3 e5 9. O-O Be7 10. Re1 O-O 11. Nbd2 Bf5 12. Nc4 Bd8 13. Ne3 Qd7 14.
Nxf5 Qxf5 15. Bf1 Bc7 16. Be3 b6 17. Qc2 Rad8 18. Rac1 h6 19. Nd2 Ng4 20. Ne4
Nxe3 21. Rxe3 Qe6 22. Rf3 f5 23. Ng3 f4 24. Ne4 g5 25. h3 Qg6 26. g3 h5 27. g4
hxg4 28. hxg4 Rd7 29. Rh3 Rh7 30. Qb3+ Kg7 31. f3 Rxh3 32. Bxh3 Rh8 33. Kg2 Qh6
34. Rh1 Ne7 35. Kf2 Qg6 36. Bg2 Rxh1 37. Bxh1 Qh6 38. Bg2 Kf8 39. Qd1 Nd5 40.
Qh1 Kg7 41. Qh5 Qxh5 42. gxh5 Kh6 43. Bh3 Kxh5 44. Be6 Ne3 45. Nf6+ Kg6 46. Nd5
Nxd5 47. Bxd5 Kh5 48. Be4 g4 49. fxg4+ Kxg4 50. Bf3+ Kh3 51. Bg2+ Kh2 52. Bb7
a5 53. a4 Kh3 54. c4 Kg4 55. Bf3+ Kf5 56. b3 Bd8 57. Ke2 Bh4 58. Be4+ Kg4 59.
Bf3+ Kg3 60. Be4 Kh2 1/2-1/2

[Event "Detroit (Class C/5/18)"]
[Site "?"]
[Date "1994.??.??"]
[Round "?"]
[White "Snobeck, Michael"]
[Black "Smeckert, Dennis"]
[Result "1-0"]
[WhiteElo "1605"]
[BlackElo "1605"]
[PlyCount "79"]
[EventDate "1994.??.??"]

{5/(18)} 1. e4 e5 2. Nf3 Nc6 3. Bb5 a6 4. Bxc6 dxc6 5. O-O f6 6. d4 Bg4 7. h3
Bxf3 8. Qxf3 exd4 9. e5 Qd7 10. exf6 O-O-O 11. Bg5 Nxf6 12. Nd2 Bd6 13. Nb3
Rdf8 14. Nxd4 Ne8 15. Qg4 Qxg4 16. hxg4 h6 17. Be3 h5 18. g5 c5 19. Nb3 b6 20.
Nd2 h4 21. f4 h3 22. g4 Rh4 23. Kh2 Rxg4 24. Kxh3 Rgxf4 25. Bxf4 Bxf4 26. Kg4
Bd6 27. Rxf8 Bxf8 28. Ne4 Nd6 29. Nxd6+ Bxd6 30. Kf5 Kd7 31. Rh1 Kc6 32. Rh7
Kd7 33. Rxg7+ Ke8 34. Ke6 Kf8 35. Rf7+ Kg8 36. g6 Bg3 37. Kd5 a5 38. Kc6 c4 39.
Rxc7 Bxc7 40. Kxc7 1-0

[Event "Detroit (Class C/1/6)"]
[Site "?"]
[Date "1994.??.??"]
[Round "?"]
[White "Snobeck, Michael"]
[Black "Jones, W."]
[Result "1-0"]
[WhiteElo "1605"]
[BlackElo "1605"]
[PlyCount "75"]
[EventDate "1994.??.??"]

{1/(6)} 1. e4 d5 2. exd5 Nf6 3. Nf3 Bg4 4. Nc3 Nxd5 5. Nxd5 Qxd5 6. Be2 Nd7 7.
d4 Nf6 8. Bf4 c6 9. c4 Qa5+ 10. Bd2 Qb6 11. Bc3 e6 12. Ne5 Bxe2 13. Qxe2 Bb4
14. O-O Bxc3 15. bxc3 O-O 16. Rfe1 c5 17. Rab1 Qc7 18. dxc5 Rab8 19. Qe3 Rfc8
20. c6 bxc6 21. h3 Rxb1 22. Rxb1 h6 23. Rd1 Qa5 24. Re1 Rc7 25. Qd4 Rc8 26. Qe3
Rc7 27. Qd2 Rc8 28. Rd1 Qxe5 29. Rb1 Rb8 30. Re1 Qc5 31. Qf4 Rb2 32. Rd1 Rxa2
33. Qb8+ Kh7 34. Qb1+ Qf5 35. Qxa2 Qc5 36. Rb1 Ne4 37. Rb7 Nxc3 38. Qc2+ 1-0

[Event "Warren (Warmup"]
[Site "?"]
[Date "1994.??.??"]
[Round "?"]
[White "Smith, Walt"]
[Black "Tsemekhman, Vadim"]
[Result "0-1"]
[WhiteElo "1920"]
[BlackElo "2470"]
[PlyCount "84"]
[EventDate "1994.??.??"]

1. e4 {[B31]} c5 2. Nf3 Nc6 3. Bb5 g6 4. O-O Bg7 5. Re1 e5 6. Nc3 Nge7 7. a3
O-O 8. Bc4 d6 9. h3 a6 10. d3 b5 11. Bd5 Nxd5 12. Nxd5 h6 13. b4 Be6 14. bxc5
dxc5 15. c4 f5 16. Be3 fxe4 17. dxe4 Nd4 18. Bxd4 exd4 19. Qb3 Kh7 20. Rac1
bxc4 21. Qxc4 Rxf3 $1 22. gxf3 Qg5+ 23. Kf1 Rf8 24. Ke2 Rxf3 $3 {[Not again!]}
25. Rg1 (25. Kxf3 Qh5+ 26. Kg2 (26. Kf4 Be5#) (26. Kg3 Qxh3+ 27. Kf4 g5#) 26...
Bxh3+ 27. Kh2 Bg4+ 28. Kg1 Bf3 29. Nf6+ Bxf6 30. Qf7+ Bg7 31. Qxf3 Qxf3 {and
Black wins easily.}) 25... Qh5 26. Ke1 Qe5 27. Qe2 Rxa3 28. f4 Qd6 29. Qg2 Bxd5
30. exd5 Re3+ 31. Kd1 Rd3+ 32. Ke2 Ra3 33. Kd1 Qb6 34. Qe4 Re3 35. Qc2 d3 36.
Qb1 Qa5 37. Qb3 c4 38. Rxc4 Qxd5 39. Qa2 d2 40. Qxa6 Re6 41. Qc8 Qf3+ 42. Kxd2
Rd6+ 0-1

[Event "Detroit (MI Op/3/36)"]
[Site "?"]
[Date "1994.??.??"]
[Round "?"]
[White "Smith, Walt"]
[Black "Smith, Daryn"]
[Result "1-0"]
[WhiteElo "1950"]
[BlackElo "1815"]
[PlyCount "65"]
[EventDate "1994.??.??"]

{3/(36)} 1. e3 Nf6 2. c4 g6 3. Nc3 Bg7 4. Nf3 d6 5. d4 O-O 6. Be2 c6 7. h3 Qc7
8. Bd2 Nbd7 9. Rc1 a6 10. b4 b6 11. O-O Bb7 12. Qb3 Rfe8 13. e4 e5 14. dxe5
dxe5 15. Be3 Rad8 16. a4 c5 17. Nd5 Qc6 18. b5 axb5 19. cxb5 Qd6 20. Nxf6+ Qxf6
21. Bg5 Qd6 22. Bxd8 Rxd8 23. Ng5 Qe7 24. Nxf7 Rf8 25. Nd6+ Kh8 26. Nxb7 Nf6
27. Nxc5 bxc5 28. Qe3 Rc8 29. a5 Qa7 30. Ra1 Bf8 31. b6 Qb7 32. Qg5 Nxe4 33.
Bf3 1-0

[Event "Detroit (Class A/2/3)"]
[Site "?"]
[Date "1994.??.??"]
[Round "?"]
[White "Smith, Walt"]
[Black "Smith, Daryn"]
[Result "1-0"]
[WhiteElo "1955"]
[BlackElo "1835"]
[PlyCount "119"]
[EventDate "1994.??.??"]

{2/(3)} 1. c4 Nf6 2. Nc3 g6 3. g3 Bg7 4. Bg2 O-O 5. e3 c6 6. Nge2 Na6 7. d4 d5
8. cxd5 cxd5 9. Nf4 Nc7 10. Qb3 e6 11. a4 Rb8 12. Nb5 a6 13. Nxc7 Qxc7 14. Bd2
Bd7 15. O-O b5 16. a5 Rfc8 17. Rfc1 Qd8 18. Nd3 Bf8 19. Bb4 Bc6 20. Bxf8 Qxf8
21. Nc5 Ra8 22. Rc3 Nd7 23. Nd3 Bb7 24. Rac1 Rxc3 25. Rxc3 Rc8 26. Qc2 Rxc3 27.
Qxc3 Qc8 28. Qxc8+ Bxc8 29. e4 dxe4 30. Bxe4 Kf8 31. Kf1 Ke7 32. Ke2 Kd6 33. f4
f6 34. Bf3 e5 35. dxe5+ fxe5 36. Nxe5 Nxe5 37. fxe5+ Kxe5 38. Ke3 h6 39. h4 g5
40. Bg2 Kd6 41. Kd4 Kc7 42. Ke5 g4 43. Bd5 Bd7 44. Be6 Bxe6 45. Kxe6 b4 46. Kf5
Kd6 47. Kxg4 Kd5 48. Kf3 Kc4 49. g4 Kb3 50. g5 Kxb2 51. g6 Kc1 52. g7 b3 53.
g8=Q b2 54. Qc4+ Kd2 55. Qe2+ Kc3 56. Qd1 Kb4 57. Qb1 Kxa5 58. Qxb2 Ka4 59. Qb8
a5 60. Ke3 1-0

[Event "Detroit (MCO/A/7/1)"]
[Site "?"]
[Date "1994.??.??"]
[Round "?"]
[White "Smith, Walt"]
[Black "Lou, M."]
[Result "1/2-1/2"]
[WhiteElo "1925"]
[BlackElo "1990"]
[PlyCount "23"]
[EventDate "1994.??.??"]

{7/(1)} 1. e4 c6 2. d4 d5 3. Nc3 dxe4 4. Nxe4 Nf6 5. Nxf6+ gxf6 6. Bc4 Bf5 7.
Ne2 e6 8. Ng3 Bg6 9. h4 h5 10. O-O Bd6 11. Re1 Qc7 12. Qf3 1/2-1/2

[Event "Eastpointe (US Am N/2/12)"]
[Site "?"]
[Date "1994.??.??"]
[Round "?"]
[White "Smith, Walt"]
[Black "Jointer, William"]
[Result "1-0"]
[WhiteElo "1965"]
[BlackElo "1700"]
[PlyCount "23"]
[EventDate "1994.??.??"]

{2/(12)} 1. e4 c5 2. Nf3 Nc6 3. Bb5 g6 4. O-O Bg7 5. Re1 d6 6. Nc3 Nf6 7. Bxc6+
bxc6 8. e5 Ng4 9. exd6 Qxd6 10. Ne4 Qd5 11. c4 Qxc4 12. Nd6+ 1-0

[Event "Detroit (MCO/A/4/5)"]
[Site "?"]
[Date "1994.??.??"]
[Round "?"]
[White "Smith, Walt"]
[Black "Jaworowski, Andre"]
[Result "1-0"]
[WhiteElo "1925"]
[BlackElo "1895"]
[PlyCount "97"]
[EventDate "1994.??.??"]

{4/(5)} 1. d4 d5 2. c4 Bf5 3. Nc3 e6 4. Qb3 Nc6 5. cxd5 exd5 6. Be3 Bb4 7. g3
Nf6 8. Nf3 O-O 9. Bg2 Re8 10. Bg5 Bxc3+ 11. bxc3 Na5 12. Qb5 c6 13. Bxf6 gxf6
14. Qa4 Bd3 15. e3 Nc4 16. O-O-O Be4 17. Nh4 Bxg2 18. Nxg2 a5 19. Qc2 b5 20. h4
b4 21. Nf4 bxc3 22. Rd3 Rb8 23. Rxc3 Rb2 24. Qf5 Rxa2 25. Nh5 Re6 26. Qg4+ Kf8
27. Rb3 Nd6 28. Kb1 Rxf2 29. Rc1 Nb5 30. Nf4 f5 31. Nxe6+ fxe6 32. Qh5 Na3+ 33.
Ka1 Nc2+ 34. Rxc2 Rxc2 35. Qxh7 Qd6 36. Rb8+ Qxb8 37. Qh8+ Ke7 38. Qxb8 a4 39.
Qa7+ Kf6 40. Qxa4 Rc4 41. Qd1 c5 42. dxc5 Rxc5 43. g4 Rc4 44. gxf5 Kxf5 45.
Qf3+ Ke5 46. h5 Re4 47. h6 d4 48. exd4+ Kxd4 49. h7 1-0

[Event "Detroit (MI Op/6/9)"]
[Site "?"]
[Date "1994.??.??"]
[Round "?"]
[White "Smith, Walt"]
[Black "Jarosz, Stan"]
[Result "1-0"]
[WhiteElo "1950"]
[BlackElo "2085"]
[PlyCount "61"]
[EventDate "1994.??.??"]

{6/(9)} 1. c4 e6 2. Nf3 Nf6 3. g3 b6 4. Bg2 Bb7 5. O-O Be7 6. Nc3 O-O 7. d4 Ne4
8. Qd3 Nxc3 9. bxc3 d5 10. cxd5 exd5 11. Qf5 g6 12. Qf4 Re8 13. Ne5 f5 14. Nf3
Bf6 15. Re1 Nd7 16. h4 Nf8 17. Ng5 Ne6 18. Nxe6 Rxe6 19. c4 c6 20. cxd5 cxd5
21. Ba3 Rc8 22. Rac1 Rxc1 23. Rxc1 Rxe2 24. Rc7 Be5 25. dxe5 Qxc7 26. Bd6 Qf7
27. Qg5 Re1+ 28. Kh2 d4 29. Qd8+ Kg7 30. Bxb7 d3 31. Bd5 1-0

[Event "Detroit (MI Op/1a/3)"]
[Site "?"]
[Date "1994.??.??"]
[Round "?"]
[White "Smith, Walt"]
[Black "Feldman, Steve"]
[Result "0-1"]
[WhiteElo "1950"]
[BlackElo "2295"]
[PlyCount "54"]
[EventDate "1994.??.??"]

1. e3 Nf6 2. c4 c5 3. Nc3 g6 4. Nf3 Bg7 5. Be2 O-O 6. O-O b6 7. d4 d6 8. dxc5
bxc5 9. Rb1 Nc6 10. a3 Rb8 11. h3 Bf5 12. Bd3 Qd7 13. Kh2 Bxd3 14. Qxd3 Rb7 15.
Bd2 Rfb8 16. Qc2 Qf5 17. e4 Qe6 18. Qa4 Ne5 19. Nxe5 Qxe5+ 20. f4 Qd4 21. Rfd1
Nxe4 22. Be1 Nxc3 23. bxc3 Qe4 24. Rxb7 Qxb7 25. Rd3 Qe4 26. Qxa7 Rb2 27. Rd2
Qxf4+ 0-1

[Event "Detroit (MI Op/5/11)"]
[Site "?"]
[Date "1994.??.??"]
[Round "?"]
[White "Smith, Walt"]
[Black "Brooks, John"]
[Result "1-0"]
[WhiteElo "1950"]
[BlackElo "2225"]
[PlyCount "141"]
[EventDate "1994.??.??"]

{5/(11)} 1. c4 c5 2. Nc3 Nf6 3. g3 d5 4. cxd5 Nxd5 5. Bg2 Nb4 6. a3 N4c6 7. Nf3
a6 8. d3 e6 9. O-O Be7 10. Be3 O-O 11. Rc1 b6 12. Na4 Ra7 13. b4 Bf6 14. bxc5
b5 15. Nc3 e5 16. Ne4 Be7 17. a4 b4 18. Nd6 Be6 19. Nc4 f6 20. Nfd2 Rc7 21. Nb6
Nd4 22. Bxd4 Qxd4 23. Nb3 Qd8 24. e4 Nc6 25. Nd5 Rd7 26. d4 f5 27. Nxe7+ Nxe7
28. Bh3 exd4 29. c6 Rd6 30. c7 Qc8 31. Nxd4 Kh8 32. Re1 Qd7 33. exf5 Rxd4 34.
fxe6 Qd6 35. Qe2 Rc8 36. Qf3 h6 37. Qf7 Rd5 38. Rc4 Rxc7 39. Qf8+ Kh7 40. Rg4
Nf5 41. Qxd6 Rxd6 42. Rxb4 Ne7 43. Reb1 Kg6 44. Rb7 Nd5 45. Rxc7 Nxc7 46. e7
Kf7 47. Re1 Ke8 48. Bc8 a5 49. Bb7 Rb6 50. Bf3 Re6 51. Rc1 Na6 52. Bg4 Rxe7 53.
Rc8+ Kf7 54. Ra8 Nb4 55. Rxa5 Re1+ 56. Kg2 Ra1 57. Bf5 g6 58. Be4 Rc1 59. Kf3
Ra1 60. Ra7+ Kf6 61. h4 g5 62. hxg5+ hxg5 63. Ra5 Ra3+ 64. Kg4 Na2 65. Rf5+ Ke7
66. Bc6 Nb4 67. Bb5 Na2 68. Kxg5 Nc3 69. Re5+ Kd6 70. Re3 Nxb5 71. axb5 1-0

[Event "Detroit (Class A/5/8)"]
[Site "?"]
[Date "1994.??.??"]
[Round "?"]
[White "Smith, Mike A"]
[Black "Walker, Douglas"]
[Result "1-0"]
[WhiteElo "1880"]
[BlackElo "1955"]
[PlyCount "67"]
[EventDate "1994.??.??"]

{5/(8)} 1. e4 g6 2. d4 Bg7 3. c4 d6 4. Nf3 Nc6 5. Be3 Bg4 6. Be2 Bxf3 7. Bxf3
e5 8. d5 Nd4 9. Nc3 Ne7 10. O-O a6 11. Bg4 O-O 12. Ne2 f5 13. Bxd4 fxg4 14. Be3
h6 15. Nc3 Qd7 16. f3 gxf3 17. Rxf3 Rxf3 18. Qxf3 Rf8 19. Qe2 Kh7 20. Rf1 Ng8
21. Rxf8 Bxf8 22. Qf3 Qg7 23. Qg4 Nf6 24. Qc8 b5 25. cxb5 axb5 26. b4 Qf7 27.
Nxb5 Nxe4 28. Qxc7 Be7 29. a4 Qf6 30. Qc4 Ng5 31. a5 Qf5 32. a6 Ne4 33. a7 h5
34. a8=Q 1-0

[Event "Detroit (MI Op/1a/1)"]
[Site "?"]
[Date "1994.??.??"]
[Round "?"]
[White "Smith, Mike A"]
[Black "Tsemekhman, Vadim"]
[Result "0-1"]
[WhiteElo "1975"]
[BlackElo "2460"]
[PlyCount "36"]
[EventDate "1994.??.??"]

1. e4 e5 2. Nf3 Nf6 3. Nxe5 d6 4. Nf3 Nxe4 5. d4 d5 6. Bd3 Be7 7. O-O O-O 8.
Re1 f5 9. Bf4 Nc6 10. c3 g5 11. Be5 g4 12. Nfd2 Nxe5 13. dxe5 Bc5 14. Nxe4 fxe4
15. Be2 g3 16. hxg3 Bxf2+ 17. Kh1 Bxg3 18. Rg1 Qh4# 0-1

[Event "Eastpointe (EDO/1b/8)"]
[Site "?"]
[Date "1994.??.??"]
[Round "?"]
[White "Smith, Mike A"]
[Black "Sturgis, Derreck"]
[Result "1-0"]
[WhiteElo "1955"]
[BlackElo "1605"]
[PlyCount "55"]
[EventDate "1994.??.??"]

1. e4 c5 2. Nf3 Nc6 3. d4 cxd4 4. Nxd4 Nf6 5. Nc3 e5 6. Ndb5 d6 7. Bg5 a6 8.
Bxf6 gxf6 9. Na3 Be6 10. Be2 f5 11. f3 b5 12. Nd5 fxe4 13. fxe4 Qh4+ 14. g3
Qxe4 15. Nf6+ Kd8 16. Nxe4 Kc7 17. Bxb5 Rb8 18. Bxc6 Kxc6 19. b3 Bd5 20. Qe2 f5
21. Nf6 Bxh1 22. Qxa6+ Rb6 23. Qa8+ Kc5 24. Nd7+ Kb4 25. Qa4+ Kc3 26. Qc4+ Kb2
27. Rb1+ Kxa2 28. b4+ 1-0

[Event "Detroit (Class A/1/4)"]
[Site "?"]
[Date "1994.??.??"]
[Round "?"]
[White "Smith, Mike A"]
[Black "Smith, Walt"]
[Result "0-1"]
[WhiteElo "1880"]
[BlackElo "1955"]
[PlyCount "74"]
[EventDate "1994.??.??"]

{1/(4)} 1. e4 c5 2. Nf3 Nc6 3. d4 cxd4 4. Nxd4 Nf6 5. Nc3 g6 6. Bc4 Qb6 7. Nxc6
dxc6 8. Bb3 Qc7 9. Bg5 Bg4 10. f3 Rd8 11. Qe2 Bc8 12. Qe3 Qb6 13. Qxb6 axb6 14.
Bxf6 exf6 15. Ke2 b5 16. Rad1 Bd6 17. Rd3 Ke7 18. Rhd1 b6 19. h3 b4 20. Nb1 Ba6
21. Kf2 Bc5+ 22. Ke1 Bxd3 23. Rxd3 Rxd3 24. cxd3 Bd4 25. a3 Bxb2 26. axb4 Ra8
27. Kd1 Be5 28. Kd2 Ra1 29. Bc2 Bd4 30. Ke2 c5 31. bxc5 Bxc5 32. Nc3 Rg1 33.
Nd5+ Kf8 34. Nxf6 Rxg2+ 35. Kd1 h5 36. Nd7+ Ke7 37. Nxc5 bxc5 0-1

[Event "Flint (MI Coll/5)"]
[Site "?"]
[Date "1994.??.??"]
[Round "?"]
[White "Smith, Mike A"]
[Black "Skidmore, Jennifer"]
[Result "1-0"]
[WhiteElo "1875"]
[BlackElo "1910"]
[PlyCount "114"]
[EventDate "1994.??.??"]

1. e4 e5 2. Nf3 d6 3. Bc4 Be7 4. h3 c6 5. Nc3 Nf6 6. O-O O-O 7. d4 exd4 8. Nxd4
b5 9. Bd3 a6 10. Nf3 Nbd7 11. Bf4 Bb7 12. e5 dxe5 13. Nxe5 Nxe5 14. Bxe5 c5 15.
Re1 c4 16. Be2 Qb6 17. Bf3 Bc5 18. Qe2 Rfe8 19. Bxb7 Qxb7 20. Qf3 Qxf3 21. gxf3
Nd7 22. Bf4 Nf8 23. a4 Ne6 24. Be3 Bb4 25. Red1 Bxc3 26. bxc3 Red8 27. Rxd8+
Rxd8 28. axb5 axb5 29. Ra7 Rb8 30. Kg2 Kf8 31. Kg3 Ke8 32. Bf4 Rb6 33. Bc7 Rc6
34. Ba5 Nc5 35. Bb4 Na4 36. Re7+ Kd8 37. Rxf7 Rg6+ 38. Kf4 Kc8 39. Rf5 Rg2 40.
Rg5 Rxg5 41. Kxg5 Kd7 42. Bf8 Nxc3 43. Bxg7 Ne2 44. h4 b4 45. Kh6 Ke6 46. Kxh7
Kd5 47. h5 Nd4 48. h6 b3 49. cxb3 c3 50. Bf8 Nb5 51. Kg8 c2 52. h7 c1=Q 53.
h8=Q Qg5+ 54. Qg7 Qxg7+ 55. Kxg7 Ke5 56. b4 Kf4 57. Bc5 Kxf3 1-0

[Event "Eastpointe (EDO/5/10)"]
[Site "?"]
[Date "1994.??.??"]
[Round "?"]
[White "Smith, Mike A"]
[Black "Sattler, Peter"]
[Result "0-1"]
[WhiteElo "1955"]
[BlackElo "1765"]
[PlyCount "84"]
[EventDate "1994.??.??"]

{5/(10)} 1. e4 c5 2. Nf3 Nc6 3. d4 cxd4 4. Nxd4 Nf6 5. Nc3 a6 6. Be3 d6 7. f4
e5 8. Nxc6 bxc6 9. fxe5 Ng4 10. Bf4 Nxe5 11. Bxe5 dxe5 12. Qxd8+ Kxd8 13. Bc4
f6 14. O-O-O+ Kc7 15. Rd3 Be7 16. Rhd1 Rd8 17. Ne2 g6 18. Rxd8 Bxd8 19. Bg8 Bg4
20. Re1 Bxe2 21. Rxe2 h6 22. Bf7 g5 23. Re3 Be7 24. Rh3 Bf8 25. g4 Rd8 26. Rc3
Kb6 27. Rb3+ Kc7 28. Bc4 a5 29. a4 Rd4 30. Bd3 Rxa4 31. h3 Ra1+ 32. Kd2 a4 33.
Rc3 Bb4 34. Bc4 Bxc3+ 35. Kxc3 a3 36. b4 Rh1 37. Bf7 Rxh3+ 38. Kd2 Rg3 39. Be6
Rxg4 40. Bxg4 a2 41. b5 cxb5 42. c4 a1=Q 0-1

[Event "Detroit (MI Op/5/27)"]
[Site "?"]
[Date "1994.??.??"]
[Round "?"]
[White "Smith, Mike A"]
[Black "Potter, George"]
[Result "1/2-1/2"]
[WhiteElo "1975"]
[BlackElo "1840"]
[PlyCount "77"]
[EventDate "1994.??.??"]

{5/(27)} 1. e4 e5 2. Nf3 Nc6 3. Bb5 a6 4. Ba4 d6 5. O-O Bd7 6. c3 Nf6 7. Re1 b5
8. Bb3 Na5 9. d4 Nxb3 10. Qxb3 Be6 11. Qd1 exd4 12. Nxd4 Nd7 13. f4 Nb8 14. a4
bxa4 15. Nxe6 fxe6 16. Qxa4+ Nd7 17. Qc4 e5 18. Rxa6 Rxa6 19. Qxa6 Be7 20. Qc4
Qb8 21. Na3 Rf8 22. Nb5 Bd8 23. fxe5 Nxe5 24. Qe6+ Be7 25. Bg5 Ng6 26. Bxe7
Nxe7 27. Qc4 c6 28. Nd4 Qxb2 29. Nf5 Kd7 30. Rf1 g6 31. Nxe7 Qb6+ 32. Kh1 Rxf1+
33. Qxf1 Kxe7 34. Qe1 Ke6 35. g3 Qc5 36. Kg2 h5 37. Kf3 Ke5 38. Qe3 d5 39.
exd5+ {[Remainder illegible; 1/2-1/2, 46?]} 1/2-1/2

[Event "Detroit (MI Op/7/27)"]
[Site "?"]
[Date "1994.??.??"]
[Round "?"]
[White "Smith, Mike A"]
[Black "McCarter, Robert"]
[Result "1/2-1/2"]
[WhiteElo "1975"]
[BlackElo "1735"]
[PlyCount "45"]
[EventDate "1994.??.??"]

{7/(27)} 1. e4 c5 2. Nf3 d6 3. d4 cxd4 4. Nxd4 Nf6 5. Nc3 a6 6. Bg5 e6 7. f4
Be7 8. Qf3 Qa5 9. O-O-O Bd7 10. g4 Nc6 11. h4 Nxd4 12. Rxd4 e5 13. Rd1 Bxg4 14.
Qd3 Bxd1 15. Qxd1 Qc5 16. Kb1 exf4 17. Bxf4 O-O 18. Bd3 b5 19. Rg1 Rfc8 20. Bh6
Bf8 21. Qf1 Kh8 22. Bg5 Nd7 23. Nd5 1/2-1/2

[Event "Detroit (Class A/2/13)"]
[Site "?"]
[Date "1994.??.??"]
[Round "?"]
[White "Smith, Mike A"]
[Black "Krevinko, S."]
[Result "1-0"]
[WhiteElo "1880"]
[BlackElo "1940"]
[PlyCount "101"]
[EventDate "1994.??.??"]

{2/(13)} 1. e4 g6 2. d4 Bg7 3. c4 d6 4. Nf3 Nf6 5. Nc3 O-O 6. Be2 Nc6 7. O-O e5
8. d5 Ne7 9. h3 Nh5 10. Nh2 Nf4 11. Bxf4 exf4 12. Qd2 g5 13. Bg4 Ng6 14. Bxc8
Rxc8 15. f3 h5 16. Ne2 Qf6 17. Rab1 Kh7 18. Rfd1 b6 19. Nd4 Ne7 20. Qd3 Qe5 21.
Nf1 a5 22. Nb5 Kg8 23. Nd2 Rfd8 24. Nb3 c5 25. dxc6 Rxc6 26. N3d4 Qc5 27. b3
Be5 28. Kh1 Rcc8 29. Nc3 Nc6 30. Nf5 Nb4 31. Qd2 Kf8 32. Nd5 Nxd5 33. Qxd5 Qxd5
34. Rxd5 f6 35. Rbd1 Rc6 36. Nd4 Bxd4 37. R1xd4 Ke7 38. h4 Rg8 39. Rf5 Rc5 40.
Rdd5 Ke6 41. Kg1 Rxd5 42. Rxd5 g4 43. Kf2 gxf3 44. gxf3 Rg3 45. Rxh5 Rh3 46. a4
Kd7 47. Rb5 Kc6 48. h5 Rh2+ 49. Kg1 Rh3 50. Kg2 Rh4 51. Rf5 1-0

[Event "Flint (MI Coll/3)"]
[Site "?"]
[Date "1994.??.??"]
[Round "?"]
[White "Smith, Mike A"]
[Black "Kamberi, Sonny"]
[Result "1/2-1/2"]
[WhiteElo "1875"]
[BlackElo "2035"]
[PlyCount "79"]
[EventDate "1994.??.??"]

1. e4 e5 2. Nf3 Nf6 3. Nxe5 d6 4. Nf3 Nxe4 5. d4 d5 6. Bd3 Be7 7. Nbd2 Bf5 8.
O-O Nc6 9. Re1 Nd6 10. Bxf5 Nxf5 11. c3 O-O 12. Nf1 Bd6 13. Ne3 Nxe3 14. Bxe3
Qd7 15. Qd2 Qf5 16. Re2 Rae8 17. Rae1 Re6 18. Bg5 Rfe8 19. a3 Na5 20. Rxe6 Rxe6
21. Rxe6 fxe6 22. Bh4 Qe4 23. Qe1 Qxe1+ 24. Nxe1 Nc4 25. Nd3 c6 26. Bg3 Be7 27.
Bb8 a5 28. Kf1 a4 29. Ke2 Kf7 30. Ne5+ Nxe5 31. Bxe5 g5 32. g3 Kg6 33. f4 Kf5
34. Kf3 h5 35. h3 g4+ 36. hxg4+ hxg4+ 37. Ke3 c5 38. Bc7 b5 39. Bb6 c4 40. Bc5
1/2-1/2